<?xml version="1.0" encoding="UTF-8"?>
<record
    xmlns:xsi="http://www.w3.org/2001/XMLSchema-instance"
    xsi:schemaLocation="http://www.loc.gov/MARC21/slim http://www.loc.gov/standards/marcxml/schema/MARC21slim.xsd"
    xmlns="http://www.loc.gov/MARC21/slim">

  <leader>02003cam a22003375a 4500</leader>
  <controlfield tag="001">013736188</controlfield>
  <controlfield tag="003">EG-ScBUE</controlfield>
  <controlfield tag="005">20220228134213.0</controlfield>
  <controlfield tag="008">070417s2008    enk    f b    000 j eng d</controlfield>
  <datafield tag="020" ind1=" " ind2=" ">
    <subfield code="a">9780863564369 (pbk.)</subfield>
  </datafield>
  <datafield tag="040" ind1=" " ind2=" ">
    <subfield code="a">StDuBDS</subfield>
    <subfield code="b">eng</subfield>
    <subfield code="e">rda</subfield>
    <subfield code="c">StDuBDS</subfield>
    <subfield code="d">Uk</subfield>
    <subfield code="d">EG-ScBUE</subfield>
  </datafield>
  <datafield tag="041" ind1="0" ind2=" ">
    <subfield code="a">eng</subfield>
    <subfield code="a">ara</subfield>
  </datafield>
  <datafield tag="082" ind1="0" ind2="4">
    <subfield code="a">892.730108</subfield>
    <subfield code="b">HUS</subfield>
    <subfield code="2">22</subfield>
  </datafield>
  <datafield tag="100" ind1="1" ind2=" ">
    <subfield code="a">Husni, Ronak,</subfield>
    <subfield code="e">author.</subfield>
    <subfield code="9">41926</subfield>
  </datafield>
  <datafield tag="245" ind1="1" ind2="0">
    <subfield code="a">Modern Arabic short stories :</subfield>
    <subfield code="b">a bilingual reader /</subfield>
    <subfield code="c">Ronak Husni, Daniel L. Newman.</subfield>
  </datafield>
  <datafield tag="264" ind1=" " ind2="1">
    <subfield code="a">London :</subfield>
    <subfield code="b">Saqi Books,</subfield>
    <subfield code="c">2008.</subfield>
  </datafield>
  <datafield tag="300" ind1=" " ind2=" ">
    <subfield code="a">296 pages ;</subfield>
    <subfield code="c">21 cm</subfield>
  </datafield>
  <datafield tag="336" ind1=" " ind2=" ">
    <subfield code="2">rdacontent</subfield>
    <subfield code="a">text</subfield>
    <subfield code="b">txt</subfield>
  </datafield>
  <datafield tag="337" ind1=" " ind2=" ">
    <subfield code="2">rdamedia</subfield>
    <subfield code="a">unmediated</subfield>
    <subfield code="b">n</subfield>
  </datafield>
  <datafield tag="338" ind1=" " ind2=" ">
    <subfield code="2">rdacarrier</subfield>
    <subfield code="a">volume</subfield>
    <subfield code="b">nc</subfield>
  </datafield>
  <datafield tag="504" ind1=" " ind2=" ">
    <subfield code="a">Includes bibliographical references.</subfield>
  </datafield>
  <datafield tag="505" ind1="0" ind2=" ">
    <subfield code="a">The tale of the lamp / &#x2B9;Izz al-D&#x12B;n al-Madan&#x12B; --
A lonely woman / Zakariyy&#x101; T&#x101;mir --
The sacred tree / Mu&#x1E25;ammad al-Zafz&#x101;f --
Excerpt from The book of the dead / Ibr&#x101;h&#x12B;m al-Faqih --
Qismati and Nasibi / Naj&#x12B;b Ma&#x1E25;f&#x16B;&#x1E93; --
Yasmine's picture / &#x1E24;an&#x101;n al-Shaykh --
The night and the sea / Mu&#x1E25;ammad Shukr&#x12B; --
At the theatre / Idw&#x101;r al-Kharr&#x101;t --
Ancestral hair / Salw&#x101; Bakr --
A hidden treasure / Fu'&#x101;d al-Takarl&#x12B; --
Night of torment / Layl&#x101; al-'Uthm&#x101;n --
A tray from Heaven / Y&#x16B;suf Idr&#x12B;s.</subfield>
  </datafield>
  <datafield tag="520" ind1=" " ind2=" ">
    <subfield code="a">This volume contains a collection of twelve stories by contemporary masters from Morocco to Iraq. In addition to works by writers already well-known in the West such as Idwar al-Kharrat, Fuad al-Takarli and Nobel Prize-winning Naguib Mahfouz, key authors whose fame has hitherto been restricted to the Middle East are also included. The collection features stories in both English and Arabic, prefaced by a brief author
</subfield>
  </datafield>
  <datafield tag="546" ind1=" " ind2=" ">
    <subfield code="a">Text in English and Arabic.</subfield>
  </datafield>
  <datafield tag="650" ind1=" " ind2="7">
    <subfield code="a">Short stories, Arabic</subfield>
    <subfield code="v">Translations into English.</subfield>
    <subfield code="2">BUEsh</subfield>
    <subfield code="9">22815</subfield>
  </datafield>
  <datafield tag="651" ind1=" " ind2=" ">
    <subfield code="2">BUEsh</subfield>
  </datafield>
  <datafield tag="653" ind1=" " ind2=" ">
    <subfield code="b">HHUUEENN</subfield>
    <subfield code="c">November2018</subfield>
  </datafield>
  <datafield tag="655" ind1=" " ind2=" ">
    <subfield code="v">Reading book</subfield>
    <subfield code="9">34232</subfield>
  </datafield>
  <datafield tag="700" ind1="1" ind2=" ">
    <subfield code="a">Newman, Daniel L.,</subfield>
    <subfield code="e">author.</subfield>
    <subfield code="9">41927</subfield>
  </datafield>
  <datafield tag="942" ind1=" " ind2=" ">
    <subfield code="2">ddc</subfield>
    <subfield code="c">BB</subfield>
  </datafield>
  <datafield tag="999" ind1=" " ind2=" ">
    <subfield code="c">26988</subfield>
    <subfield code="d">26960</subfield>
  </datafield>
  <datafield tag="952" ind1=" " ind2=" ">
    <subfield code="0">0</subfield>
    <subfield code="1">0</subfield>
    <subfield code="2">ddc</subfield>
    <subfield code="4">0</subfield>
    <subfield code="7">0</subfield>
    <subfield code="8">Baccah</subfield>
    <subfield code="a">MAIN</subfield>
    <subfield code="b">MAIN</subfield>
    <subfield code="c">2ND</subfield>
    <subfield code="d">2018-11-14</subfield>
    <subfield code="e">Purchase</subfield>
    <subfield code="g">370.00</subfield>
    <subfield code="o">892.730108 HUS</subfield>
    <subfield code="p">000043914</subfield>
    <subfield code="r">2025-07-15 00:00:00</subfield>
    <subfield code="y">NB</subfield>
  </datafield>
  <datafield tag="952" ind1=" " ind2=" ">
    <subfield code="0">0</subfield>
    <subfield code="1">0</subfield>
    <subfield code="2">ddc</subfield>
    <subfield code="4">0</subfield>
    <subfield code="7">0</subfield>
    <subfield code="8">Baccah</subfield>
    <subfield code="a">MAIN</subfield>
    <subfield code="b">MAIN</subfield>
    <subfield code="c">2ND</subfield>
    <subfield code="d">2018-11-14</subfield>
    <subfield code="e">Purchase</subfield>
    <subfield code="g">370.00</subfield>
    <subfield code="l">4</subfield>
    <subfield code="m">7</subfield>
    <subfield code="o">892.730108 HUS</subfield>
    <subfield code="p">000043915</subfield>
    <subfield code="r">2025-07-15 00:00:00</subfield>
    <subfield code="s">2025-02-12</subfield>
    <subfield code="y">BB</subfield>
  </datafield>
  <datafield tag="952" ind1=" " ind2=" ">
    <subfield code="0">0</subfield>
    <subfield code="1">0</subfield>
    <subfield code="2">ddc</subfield>
    <subfield code="4">0</subfield>
    <subfield code="7">0</subfield>
    <subfield code="8">Baccah</subfield>
    <subfield code="a">MAIN</subfield>
    <subfield code="b">MAIN</subfield>
    <subfield code="c">2ND</subfield>
    <subfield code="d">2018-11-14</subfield>
    <subfield code="e">Purchase</subfield>
    <subfield code="g">370.00</subfield>
    <subfield code="l">1</subfield>
    <subfield code="o">892.730108 HUS</subfield>
    <subfield code="p">000043916</subfield>
    <subfield code="r">2025-07-15 00:00:00</subfield>
    <subfield code="s">2019-07-07</subfield>
    <subfield code="y">BB</subfield>
  </datafield>
</record>
